[Event "Sampa Chess Open - Local Piso Superior (ao lado da Renner) às 19h00"]
[Site "Shopping Metrô Tatuapé - Rua Domingos Agostim, 91, São Paulo/SP 03306-010"]
[Date "2024.01.31"]
[Round "4"]
[Board "27"]
[White "Sulz, Isaque Sathler"]
[Black "Gazineu Neto, Rubens"]
[Result "0-1"]
[WhiteElo "1516"]
[BlackElo "1912"]
[PlyCount "142"]
[EventDate "2024.01.29"]
[EventRounds "9"]
[EventCountry "BRA"]

1. e4 c5 2. d4 cxd4 3. c3 d3 4. Bxd3 Nc6 5. Nf3 d6 6. Bc4 e6 7. O-O Be7 8. Qe2 Qc7
9. Bf4 e5 10. Bg5 Nf6 11. Na3 a6 12. Rad1 O-O 13. Nc2 Na5 14. Bd3 Be6 15. Nh4 h6
16. Bxf6 Bxf6 17. Nf5 Bxf5 18. exf5 Nc6 19. f4 Qb6+ 20. Kh1 Qxb2 21. Qg4 Qxc3 22.
Rf3 Qb2 23. Ne3 Ne7 24. Qh5 Kh7 25. Ng4 Ng8 26. Bc4 Qc2 27. Bb3 Qc7 28. fxe5 dxe5
29. Ne3 e4 30. Nd5 Qe5 31. Rc3 Be7 32. Rc7 b5 33. Rc6 a5 34. Nb6 Nf6 35. Rxf6 Bxf6
36. Nxa8 Rxa8 37. Bxf7 e3 38. Bg6+ Kh8 39. Qf3 Rb8 40. Re1 Bg5 41. g3 Qc3 42. Re2
Qa1+ 43. Kg2 b4 44. h4 Be7 45. Qxe3 Bf8 46. Qa7 Qd1 47. Kf2 Rc8 48. f6 Qd6 49. fxg7+
Bxg7 50. Qxa5 Qxg6 51. Qxb4 Qf5+ 52. Kg2 Rf8 53. Qf4 Qxf4 54. gxf4 Rxf4 55. Re8+
Kh7 56. Kg3 Ra4 57. Re2 Kg6 58. Kf3 Rxh4 59. Re6+ Kf5 60. Ra6 Be5 61. Ra8 Rh3+ 62.
Kg2 Rc3 63. a4 Rc2+ 64. Kf3 Rc3+ 65. Kg2 Kg4 66. Rg8+ Kh4 67. a5 Ra3 68. Ra8 h5 69.
a6 Bd4 70. Kh2 Ra2+ 71. Kh1 Kh3  0-1

[Event "Sampa Chess Open - Local Piso Superior (ao lado da Renner) às 19h00"]
[Site "Shopping Metrô Tatuapé - Rua Domingos Agostim, 91, São Paulo/SP 03306-010"]
[Date "2024.01.31"]
[Round "4"]
[Board "28"]
[White "Nicacio, Daniel Ramos"]
[Black "Hirota Da Silva, Nilton"]
[Result "0-1"]
[WhiteElo "1479"]
[BlackElo "1827"]
[PlyCount "94"]
[EventDate "2024.01.29"]
[EventRounds "9"]
[EventCountry "BRA"]

1. e4 c6 2. d3 d5 3. Nd2 dxe4 4. dxe4 e5 5. g3 Nf6 6. Bg2 Bc5 7. Ngf3 O-O 8. O-O
Re8 9. Re1 Nbd7 10. Nc4 Qc7 11. h3 b5 12. Ncd2 Nf8 13. Nf1 Qb6 14. Be3 Bb7 15. Bxc5
Qxc5 16. c3 Rad8 17. Qc2 Ng6 18. Re3 Bc8 19. Qe2 Be6 20. b3 h6 21. N1h2 Qd6 22. Re1
Qd7 23. Qf1 a5 24. Nxe5 Nxe5 25. f4 Nc4 26. bxc4 Bxc4 27. Qf2 Qd2 28. Nf1 Qxf2+ 29.
Kxf2 Bxf1 30. Kxf1 Rd2 31. R1e2 Red8 32. e5 Nd5 33. Bxd5 R8xd5 34. Ke1 Rd1+ 35. Kf2
Rc5 36. Rc2 b4 37. Ke2 Rg1 38. Kf2 Ra1 39. c4 Rh1 40. Kg2 Rd1 41. Re4 Rb1 42. Re3
a4 43. f5 b3 44. e6 bxc2 45. e7 c1=Q 46. e8=Q+ Kh7 47. f6 Qf1+  0-1

[Event "Sampa Chess Open - Local Piso Superior (ao lado da Renner) às 19h00"]
[Site "Shopping Metrô Tatuapé - Rua Domingos Agostim, 91, São Paulo/SP 03306-010"]
[Date "2024.01.31"]
[Round "4"]
[Board "29"]
[White "De Paula, Luan Araujo"]
[Black "Brujin, Homero"]
[Result "1-0"]
[WhiteElo "1863"]
[BlackElo "1479"]
[PlyCount "83"]
[EventDate "2024.01.29"]
[EventRounds "9"]
[EventCountry "BRA"]

1. e4 c5 2. Nf3 e6 3. d4 cxd4 4. Nxd4 d6 5. c4 Nf6 6. Nc3 Be7 7. Be2 a6 8. Be3 O-O
9. O-O Bd7 10. Qd2 Nc6 11. Rac1 Rc8 12. Rfd1 Qc7 13. f3 Qb8 14. a4 Ne5 15. b3 Ng6
16. a5 Bd8 17. Na4 Bxa4 18. bxa4 Bc7 19. Bd3 Ne5 20. Bf1 Nfd7 21. h3 Nc5 22. Qb4
Qa8 23. Nb3 Nc6 24. Qa3 Nxb3 25. Qxb3 Nxa5 26. Qb2 Nc6 27. f4 e5 28. f5 f6 29. c5
Rfd8 30. Qb3+ Kh8 31. Qf7 Rf8 32. Qh5 Rcd8 33. Bc4 Na5 34. Bf7 Rd7 35. cxd6 Rfxf7
36. dxc7 Rxc7 37. Rxc7 Rxc7 38. Bb6 Rc8 39. Bxa5 Qa7+ 40. Kh1 Qc5 41. Bd8 b5 42.
Qe8+  1-0

[Event "Sampa Chess Open - Local Piso Superior (ao lado da Renner) às 19h00"]
[Site "Shopping Metrô Tatuapé - Rua Domingos Agostim, 91, São Paulo/SP 03306-010"]
[Date "2024.01.31"]
[Round "4"]
[Board "30"]
[White "Regiani, Rafael"]
[Black "Branquinho, Eduardo De Medeiros"]
[Result "0-1"]
[WhiteElo "1476"]
[BlackElo "1815"]
[PlyCount "128"]
[EventDate "2024.01.29"]
[EventRounds "9"]
[EventCountry "BRA"]

1. e4 c5 2. Nf3 d6 3. Nc3 g6 4. d4 cxd4 5. Nxd4 Bg7 6. Bb5+ Bd7 7. Be3 Nf6 8. Qd2
Ng4 9. O-O Nxe3 10. Qxe3 Nc6 11. Nxc6 bxc6 12. Bc4 O-O 13. f4 Qc7 14. f5 gxf5 15.
exf5 d5 16. f6 Bxf6 17. Rxf6 exf6 18. Bd3 Qb6 19. Qxb6 axb6 20. Rf1 f5 21. a3 Rfe8
22. Ne2 Re5 23. Ng3 Ra7 24. Nh5 c5 25. Nf6+ Kg7 26. Nh5+ Kg6 27. Nf4+ Kf6 28. Nh5+
Kg5 29. Nf4 c4 30. Be2 Ba4 31. Bd1 Rae7 32. g3 Re1 33. h4+ Kh6 34. Nxd5 Rxf1+ 35.
Kxf1 Re6 36. Nc3 Bc6 37. Be2 b5 38. Kf2 Kg7 39. b3 cxb3 40. cxb3 Re5 41. a4 bxa4
42. bxa4 Rc5 43. Nb5 Bxb5 44. Bxb5 Rc3 45. a5 Rc5 46. Bd7 Rxa5 47. Kf3 Kf6 48. Kf4
Rd5 49. Bc6 Rd4+ 50. Kf3 Ke5 51. Be8 f6 52. Bf7 h6 53. h5 Ra4 54. Be8 Ra3+ 55. Kf2
f4 56. gxf4+ Kxf4 57. Bf7 Rc3 58. Ke2 f5 59. Kf2 Rc2+ 60. Kf1 Rb2 61. Kg1 Kg3 62.
Kf1 f4 63. Bg6 f3 64. Bd3 Rd2  0-1

[Event "Sampa Chess Open - Local Piso Superior (ao lado da Renner) às 19h00"]
[Site "Shopping Metrô Tatuapé - Rua Domingos Agostim, 91, São Paulo/SP 03306-010"]
[Date "2024.01.31"]
[Round "4"]
[Board "31"]
[White "Jenidarchiche, Douglas Rodrigo"]
[Black "Ruvieri, Daniel Minami"]
[Result "1-0"]
[WhiteElo "1845"]
[BlackElo "1437"]
[PlyCount "39"]
[EventDate "2024.01.29"]
[EventRounds "9"]
[EventCountry "BRA"]

1. e4 e5 2. Nf3 d6 3. Nc3 Nf6 4. d4 Nbd7 5. Bc4 Be7 6. h3 O-O 7. Be3 c6 8. a4 a5
9. Bb3 Qc7 10. Qd2 b6 11. Rd1 Ba6 12. d5 c5 13. Bg5 Rfe8 14. Qe3 Rac8 15. Nd2 Nh5
16. Bc4 Bxc4 17. Nxc4 Bxg5 18. Qxg5 Nhf6 19. Nb5 Nxe4 20. Qf5  1-0

[Event "Sampa Chess Open - Local Piso Superior (ao lado da Renner) às 19h00"]
[Site "Shopping Metrô Tatuapé - Rua Domingos Agostim, 91, São Paulo/SP 03306-010"]
[Date "2024.01.31"]
[Round "4"]
[Board "32"]
[White "Barroso, Daniele Silva"]
[Black "Van Riemsdijk, Dirk D."]
[Result "1-0"]
[WhiteElo "1349"]
[BlackElo "1789"]
[PlyCount "84"]
[EventDate "2024.01.29"]
[EventRounds "9"]
[EventCountry "BRA"]

1. c4 f5 2. d4 g6 3. Nc3 Bg7 4. e4 d6 5. g3 Nc6 6. Nf3 Nf6 7. d5 fxe4 8. dxc6 exf3
9. Qxf3 Rb8 10. Qe3 bxc6 11. Qxa7 Be6 12. Qa4 Bd7 13. Bg2 c5 14. Bc6 Rb4 15. Bxd7+
Nxd7 16. Qc6 O-O 17. a3 Rb6 18. Qd5+ Kh8 19. O-O Ne5 20. f4 Ng4 21. Qe6 Bd4+ 22.
Kg2 Qa8+ 23. Qd5 Rxb2+ 24. Kh3 Nf6 25. Qxa8 Rxa8 26. Bxb2 h5 27. Nd1 Rb8 28. Bxd4
cxd4 29. Rf2 Ne4 30. Re2 Nf6 31. Nf2 Rb3 32. Rd1 c5 33. Kh4 Rxa3 34. Rxe7 Ra2 35.
Kg5 Ng8 36. Re6 Rxf2 37. Rxg6 Rxh2 38. Rxd6 Rg2 39. Rd3 h4 40. Kxh4 Kg7 41. Kg5 Ne7
42. f5 Rf2  1-0

[Event "Sampa Chess Open - Local Piso Superior (ao lado da Renner) às 19h00"]
[Site "Shopping Metrô Tatuapé - Rua Domingos Agostim, 91, São Paulo/SP 03306-010"]
[Date "2024.01.31"]
[Round "4"]
[Board "33"]
[White "Cardoso, Maria Paula Da Silva"]
[Black "Kassab, Alexandre T Canelas"]
[Result "1-0"]
[WhiteElo "1780"]
[BlackElo "1800"]
[PlyCount "55"]
[EventDate "2024.01.29"]
[EventRounds "9"]
[EventCountry "BRA"]

1. e4 e5 2. Nf3 Nc6 3. Bc4 Bc5 4. c3 Qe7 5. d3 Nf6 6. Nbd2 d6 7. a4 a5 8. Nf1 Be6
9. Bb3 O-O 10. Ng3 d5 11. O-O Rad8 12. Bg5 h6 13. Bh4 g6 14. d4 exd4 15. e5 Nxe5
16. Nxe5 g5 17. Bxg5 hxg5 18. cxd4 Bb6 19. Qd3 Kg7 20. Rae1 Rh8 21. Bc2 Ne4 22. Rd1
Rh4 23. Nf3 Rdh8 24. Nxh4 Rxh4 25. Qf3 Qd6 26. Bxe4 dxe4 27. Qc3 Bd5 28. Nf5+  1-0

[Event "Sampa Chess Open - Local Piso Superior (ao lado da Renner) às 19h00"]
[Site "Shopping Metrô Tatuapé - Rua Domingos Agostim, 91, São Paulo/SP 03306-010"]
[Date "2024.01.31"]
[Round "4"]
[Board "34"]
[White "Saito, Vinicius"]
[Black "Bonilla Viamonte, Diego Armando"]
[Result "1-0"]
[WhiteElo "2147"]
[BlackElo "1620"]
[PlyCount "42"]
[EventDate "2024.01.29"]
[EventRounds "9"]
[EventCountry "BRA"]

1. e4 c6 2. d4 d5 3. e5 c5 4. dxc5 Nc6 5. Nf3 Bf5 6. c3 e6 7. Be3 Qc7 8. Bd4 Nge7
9. Bb5 Bg4 10. Nbd2 O-O-O 11. Qa4 Kb8 12. b4 Nxd4 13. cxd4 f6 14. O-O h6 15. Bd3
Bxf3 16. Nxf3 f5 17. b5 Nc8 18. Rfc1 g5 19. Rab1 Rh7 20. b6 Qe7 21. bxa7+ Ka8  1-0

[Event "Sampa Chess Open - Local Piso Superior (ao lado da Renner) às 19h00"]
[Site "Shopping Metrô Tatuapé - Rua Domingos Agostim, 91, São Paulo/SP 03306-010"]
[Date "2024.01.31"]
[Round "4"]
[Board "35"]
[White "Santiago, Mauro"]
[Black "Carvalho Jr, Celestino"]
[Result "0-1"]
[WhiteElo "1516"]
[BlackElo "1939"]
[PlyCount "116"]
[EventDate "2024.01.29"]
[EventRounds "9"]
[EventCountry "BRA"]

1. d4 Nf6 2. c4 g6 3. Nc3 Bg7 4. e4 d6 5. h3 O-O 6. Be2 c5 7. d5 a6 8. a4 e6 9. Nf3
exd5 10. cxd5 Re8 11. Nd2 b6 12. O-O Ra7 13. f3 Nh5 14. Nc4 Rb7 15. Qe1 f5 16. Bd3
f4 17. Ne2 b5 18. axb5 axb5 19. Na5 c4 20. Bc2 Rf7 21. Rb1 Nd7 22. Nc6 Qb6+ 23. Kh1
Nc5 24. Qa5 Qxa5 25. Nxa5 Nd3 26. b3 Nxc1 27. Rfxc1 Ra7 28. Nc6 Ra2 29. bxc4 bxc4
30. Nb4 Ra3 31. Kg1 Bd7 32. Nc6 Bf6 33. Bd1 c3 34. Rb3 Rxb3 35. Bxb3 Ng3 36. Nxg3
fxg3 37. Kf1 Rc8 38. f4 Kf8 39. e5 Bxc6 40. dxc6 dxe5 41. fxe5 Bxe5 42. Bd5 Ke7 43.
Ke2 Kd6 44. Be4 Kc5 45. Rb1 Bf4 46. Rb7 Rxc6 47. Rxh7 Re6 48. Kf3 Rxe4 49. Kxe4 c2
50. Kxf4 c1=Q+ 51. Kxg3 Kd4 52. Rd7+ Ke4 53. Re7+ Kd3 54. Rd7+ Ke2 55. Re7+ Kf1 56.
Rf7+ Kg1 57. Rh7 Qe3+ 58. Kg4 Kxg2  0-1

[Event "Sampa Chess Open - Local Piso Superior (ao lado da Renner) às 19h00"]
[Site "Shopping Metrô Tatuapé - Rua Domingos Agostim, 91, São Paulo/SP 03306-010"]
[Date "2024.01.31"]
[Round "4"]
[Board "36"]
[White "Dionisio, Alex Monteiro"]
[Black "Cristino, Felipe Borges"]
[Result "0-1"]
[WhiteElo "1514"]
[BlackElo "1890"]
[PlyCount "118"]
[EventDate "2024.01.29"]
[EventRounds "9"]
[EventCountry "BRA"]

1. e4 c5 2. Nf3 Nc6 3. Bb5 d6 4. d4 cxd4 5. Qxd4 Bd7 6. Bxc6 Bxc6 7. c4 e6 8. O-O
Nf6 9. Nc3 Be7 10. Rd1 O-O 11. Bg5 Rc8 12. Rac1 h6 13. Bh4 Qa5 14. Ne1 Rfd8 15. Nc2
Qb6 16. Qxb6 axb6 17. f3 g5 18. Bf2 d5 19. Bxb6 Rd7 20. cxd5 exd5 21. exd5 Nxd5 22.
Nxd5 Rxd5 23. Ne3 Rb5 24. Nd5 Bf8 25. b3 Kh7 26. Nf6+ Kg6 27. Bd4 Rd8 28. Ng4 Rbd5
29. Ne5+ Kh7 30. Nxf7 R8d7 31. Ne5 R7d6 32. Nf7 Rxd4 33. Nxd6 Rxd6 34. Rxd6 Bxd6
35. h3 Kg6 36. Rd1 Bc5+ 37. Kf1 h5 38. Ke2 h4 39. Kd3 Kf5 40. Kc4 Be3 41. a4 Kf4
42. Rd3 Bf2 43. Rd6 Kg3 44. Rg6 Be3 45. Re6 Bf2 46. Rg6 Kxg2 47. Rxg5+ Kxf3 48. Rg4
Bg3 49. a5 Kg2 50. b4 Kxh3 51. Rg6 Kg2 52. a6 Be4 53. axb7 Bxb7 54. Rg7 Bf3 55. b5
h3 56. b6 h2 57. Rh7 h1=Q 58. Rxh1 Kxh1 59. Kb5 Bb7  0-1

[Event "Sampa Chess Open - Local Piso Superior (ao lado da Renner) às 19h00"]
[Site "Shopping Metrô Tatuapé - Rua Domingos Agostim, 91, São Paulo/SP 03306-010"]
[Date "2024.01.31"]
[Round "4"]
[Board "37"]
[White "Santos, Isaque Goncalves"]
[Black "Yokomizo, Wilton"]
[Result "1-0"]
[WhiteElo "1996"]
[BlackElo "1395"]
[PlyCount "69"]
[EventDate "2024.01.29"]
[EventRounds "9"]
[EventCountry "BRA"]

1. d4 f5 2. Qd3 g6 3. g4 d6 4. gxf5 Bxf5 5. e4 Be6 6. Qb5+ c6 7. Qxb7 Nd7 8. Qxc6
Rc8 9. Qa4 Ngf6 10. d5 Bf7 11. Nf3 Bg7 12. Ng5 O-O 13. Bh3 Nb6 14. Qb3 Rb8 15. Nxf7
Qc7 16. Qd3 Nh5 17. Nh6+ Kh8 18. c3 Nc4 19. Qc2 Bxh6 20. Bxh6 Rxb2 21. Qd3 Rfxf2
22. Qd4+ Nf6 23. Qxf2 Rxf2 24. Kxf2 Qb6+ 25. Ke2 Qb2+ 26. Nd2 Nxe4 27. Rhf1 Nxc3+
28. Kf2 Ne4+ 29. Kg1 Qd4+ 30. Kh1 Nf6 31. Nxc4 Qxd5+ 32. Bg2 Qxc4 33. Rac1 Qxa2 34.
Rc8+ Ng8 35. Rxg8+  1-0

[Event "Sampa Chess Open - Local Piso Superior (ao lado da Renner) às 19h00"]
[Site "Shopping Metrô Tatuapé - Rua Domingos Agostim, 91, São Paulo/SP 03306-010"]
[Date "2024.01.31"]
[Round "4"]
[Board "39"]
[White "Ikejiri, Daniel Yoshito"]
[Black "Damasio, Fabio Ferreira"]
[Result "1-0"]
[WhiteElo "1916"]
[BlackElo "1296"]
[PlyCount "80"]
[EventDate "2024.01.29"]
[EventRounds "9"]
[EventCountry "BRA"]

1. d4 Nf6 2. c4 e6 3. Nc3 Bb4 4. e3 O-O 5. Bd3 b6 6. Nge2 Bb7 7. O-O d5 8. a3 dxc4
9. Bxc4 Bxc3 10. bxc3 Nbd7 11. Ba2 c5 12. Bb2 cxd4 13. exd4 b5 14. Qd3 a6 15. Ng3
Rc8 16. Rfe1 Nc5 17. Qe2 Na4 18. Rac1 Nxb2 19. Qxb2 Qd7 20. Bb1 Bd5 21. Qc2 g6 22.
h4 h5 23. Re5 Kg7 24. Qd2 Rh8 25. f4 Ng4 26. Rg5 f5 27. Bd3 Kf7 28. Nf1 Bc4 29. Bxc4
Rxc4 30. Ne3 Nxe3 31. Qxe3 Qd6 32. Re1 Rg8 33. Rg3 Ra4 34. Qf2 Rxa3 35. Rge3 Re8
36. Qf3 b4 37. d5 Qc5 38. Kh2 Rxc3 39. dxe6+ Ke7 40. Qb7+ Kf8  1-0

[Event "Sampa Chess Open - Local Piso Superior (ao lado da Renner) às 19h00"]
[Site "Shopping Metrô Tatuapé - Rua Domingos Agostim, 91, São Paulo/SP 03306-010"]
[Date "2024.01.31"]
[Round "4"]
[Board "40"]
[White "Bianchini, Marlon"]
[Black "Deus Filho, Joaquim De"]
[Result "0-1"]
[WhiteElo "1255"]
[BlackElo "1848"]
[PlyCount "72"]
[EventDate "2024.01.29"]
[EventRounds "9"]
[EventCountry "BRA"]

1. e4 Nc6 2. d4 d5 3. e5 Bf5 4. Nf3 e6 5. Be2 f6 6. O-O fxe5 7. Nxe5 Nxe5 8. dxe5
Bc5 9. c3 Qh4 10. Nd2 Nh6 11. Nf3 Qe7 12. Nd4 O-O 13. Bxh6 gxh6 14. f4 Kh8 15. Kh1
Bxd4 16. cxd4 c5 17. dxc5 Qxc5 18. Rc1 Qb4 19. b3 Rac8 20. Rxc8 Rxc8 21. Bd3 Bxd3
22. Qxd3 Rc3 23. Qd2 Rxb3 24. Qc1 Rc3 25. Qb1 Qxb1 26. Rxb1 Rc2 27. h3 b6 28. a4
Ra2 29. Rb4 h5 30. Kh2 h4 31. f5 exf5 32. Rxh4 Re2 33. Rh5 Rxe5 34. g4 d4 35. Kg2
d3 36. Rxf5 Rxf5  0-1

[Event "Sampa Chess Open - Local Piso Superior (ao lado da Renner) às 19h00"]
[Site "Shopping Metrô Tatuapé - Rua Domingos Agostim, 91, São Paulo/SP 03306-010"]
[Date "2024.01.31"]
[Round "4"]
[Board "41"]
[White "Ruvieri, Valter"]
[Black "Sanches De Carvalho, Fabio"]
[Result "0-1"]
[WhiteElo "1067"]
[BlackElo "1838"]
[PlyCount "54"]
[EventDate "2024.01.29"]
[EventRounds "9"]
[EventCountry "BRA"]

1. d4 d5 2. e3 c5 3. b3 Nf6 4. Nf3 Nc6 5. Bb2 Bf5 6. Bd3 Ne4 7. O-O a6 8. dxc5 e6
9. Bd4 f6 10. Nh4 Qd7 11. Nxf5 exf5 12. f3 Nxc5 13. Bxc5 Bxc5 14. Kh1 Bxe3 15. Re1
f4 16. c4 O-O-O 17. Nc3 Nb4 18. a3 dxc4 19. Bxc4 Qf5 20. Qe2 Rd2 21. Qf1 Nc2 22.
Ne4 Rhd8 23. g4 fxg3 24. Nxg3 Qf4 25. Rxe3 Nxe3 26. Be6+ Kb8 27. Ne2 Qd6  0-1

[Event "Sampa Chess Open - Local Piso Superior (ao lado da Renner) às 19h00"]
[Site "Shopping Metrô Tatuapé - Rua Domingos Agostim, 91, São Paulo/SP 03306-010"]
[Date "2024.01.31"]
[Round "4"]
[Board "42"]
[White "Leal, Alexandre Garcia"]
[Black "Da Cunha, Gabriela Goes"]
[Result "0-1"]
[WhiteElo "1899"]
[BlackElo "1837"]
[PlyCount "110"]
[EventDate "2024.01.29"]
[EventRounds "9"]
[EventCountry "BRA"]

1. d4 Nf6 2. c4 e6 3. g3 Bb4+ 4. Bd2 Qe7 5. Bg2 Nc6 6. a3 Bxd2+ 7. Qxd2 d6 8. e3
O-O 9. Ne2 e5 10. d5 Nb8 11. Nbc3 a5 12. b3 Nbd7 13. O-O Nc5 14. Qc2 Bg4 15. b4 axb4
16. axb4 Rxa1 17. Rxa1 Na6 18. Rb1 Nd7 19. f3 Bh5 20. g4 Bg6 21. e4 h5 22. h3 Rc8
23. Ng3 Qg5 24. Qc1 Qh4 25. Kh2 hxg4 26. fxg4 Nf6 27. Bf3 Nh7 28. Qe3 Qg5 29. Qa7
Qd2+ 30. Nce2 Ng5 31. Bg2 Nxe4 32. Qxb7 Rb8 33. Qxa6 Nxg3 34. Nxg3 Bxb1 35. b5 Qa2
36. Qc6 Qa7 37. Be4 Bxe4 38. Nxe4 Qb7 39. Qd7 Qc8 40. Qc6 Rb6 41. Nxd6 Rxc6 42. Nxc8
Rxc4 43. b6 cxb6 44. Nxb6 Rd4 45. Nc8 Kf8 46. d6 Ke8 47. Kg3 Kd7 48. Ne7 Rxd6 49.
Nf5 Rd3+ 50. Kg2 g6 51. Nh6 Ke7 52. g5 e4 53. h4 Ra3 54. Ng4 Ke6 55. Nh6 Rb3  0-1

[Event "Sampa Chess Open - Local Piso Superior (ao lado da Renner) às 19h00"]
[Site "Shopping Metrô Tatuapé - Rua Domingos Agostim, 91, São Paulo/SP 03306-010"]
[Date "2024.01.31"]
[Round "4"]
[Board "44"]
[White "Santos, Abel Cardoso Dos"]
[Black "De Oliveira, Lucas Silva"]
[Result "1-0"]
[WhiteElo "1854"]
[BlackElo "1800"]
[PlyCount "67"]
[EventDate "2024.01.29"]
[EventRounds "9"]
[EventCountry "BRA"]

1. e4 c5 2. Nf3 d6 3. d4 cxd4 4. Nxd4 Nf6 5. Nc3 a6 6. f3 e6 7. Be3 b5 8. Qd2 Nbd7
9. O-O-O Bb7 10. a3 Rc8 11. Kb1 Be7 12. g4 Nb6 13. h4 Nfd7 14. h5 Ne5 15. Qe1 Qc7
16. Bc1 Nec4 17. Rd3 d5 18. exd5 Nxd5 19. Nxd5 Bxd5 20. Qd1 b4 21. axb4 Bxb4 22.
g5 Rb8 23. Nb3 a5 24. Rxd5 exd5 25. Qxd5 Rc8 26. Qb5+ Qc6 27. Bxc4 Qxb5 28. Bxb5+
Ke7 29. c3 Bd6 30. Re1+ Kd8 31. Nxa5 Kc7 32. Nc4 Rhd8 33. Nxd6 Rxd6 34. Bf4  1-0

[Event "Sampa Chess Open - Local Piso Superior (ao lado da Renner) às 19h00"]
[Site "Shopping Metrô Tatuapé - Rua Domingos Agostim, 91, São Paulo/SP 03306-010"]
[Date "2024.01.31"]
[Round "4"]
[Board "46"]
[White "Fernandez Barrero, Javier"]
[Black "Navarro, Gustavo Kazuo Yura"]
[Result "0-1"]
[WhiteElo "1743"]
[BlackElo "1800"]
[PlyCount "83"]
[EventDate "2024.01.29"]
[EventRounds "9"]
[EventCountry "BRA"]

1. e4 c6 2. d4 d5 3. e5 Bf5 4. Bd3 Bxd3 5. Qxd3 e6 6. f4 c5 7. Nf3 Nc6 8. O-O Qb6
9. Be3 Nh6 10. Nbd2 Nf5 11. Bf2 cxd4 12. Nb3 Ne3 13. Nfxd4 Nxf1 14. Nxe6 d4 15. Nexd4
Nxd4 16. Bxd4 Qd8 17. Rxf1 Be7 18. f5 g6 19. e6 Bf6 20. Qb5+ Kf8 21. Bxf6 Qxf6 22.
Qxb7 Kg7 23. fxg6 Qxe6 24. gxf7 Rhf8 25. Qf3 Rad8 26. Nc5 Qe5 27. Nd3 Qd4+ 28. Kh1
Rd7 29. Qg3+ Kh8 30. Ne5 Re7 31. Ng6+ hxg6 32. Qxg6 Qg7 33. Qh5+ Qh7 34. Qxh7+ Kxh7
35. g3 Rexf7 36. Rxf7+ Rxf7 37. Kg2 Rd7 38. c4 Rd2+ 39. Kf3 Rxb2 40. Ke4 Rxa2 41.
Kd5 a5 42. Kc5  0-1

[Event "Sampa Chess Open - Local Piso Superior (ao lado da Renner) às 19h00"]
[Site "Shopping Metrô Tatuapé - Rua Domingos Agostim, 91, São Paulo/SP 03306-010"]
[Date "2024.01.31"]
[Round "4"]
[Board "49"]
[White "De Paula, Bruno Cesar Lima"]
[Black "Santanna, Paulo"]
[Result "0-1"]
[WhiteElo "1676"]
[BlackElo "2021"]
[PlyCount "68"]
[EventDate "2024.01.29"]
[EventRounds "9"]
[EventCountry "BRA"]

1. e4 c5 2. Nf3 a6 3. d4 cxd4 4. Qxd4 Nc6 5. Qa4 e6 6. e5 Qc7 7. Bf4 Nge7 8. Bd3
Rb8 9. Nbd2 b5 10. Qe4 Ng6 11. O-O Nxf4 12. Qxf4 d6 13. exd6 Qxd6 14. Qh4 Be7 15.
Ne4 Qxd3 16. cxd3 Bxh4 17. Nd6+ Ke7 18. Nxc8+ Rbxc8 19. Nxh4 Nd4 20. b4 g5 21. Nf3
Nxf3+ 22. gxf3 Rhd8 23. a4 Rxd3 24. axb5 axb5 25. Ra5 Rd5 26. Ra7+ Kf6 27. Rb7 Rc4
28. Rb1 Rc2 29. Ra1 Rf5 30. f4 Rxf4 31. Raa7 Kg6 32. Rxb5 Rfxf2 33. Ra8 Rfd2 34.
Rg8+ Kf6  0-1

[Event "Sampa Chess Open - Local Piso Superior (ao lado da Renner) às 19h00"]
[Site "Shopping Metrô Tatuapé - Rua Domingos Agostim, 91, São Paulo/SP 03306-010"]
[Date "2024.01.31"]
[Round "4"]
[Board "53"]
[White "Akamine, Giullia Hikari Nishimori"]
[Black "Usui, Gabriella Yumi"]
[Result "0-1"]
[WhiteElo "1800"]
[BlackElo "1448"]
[PlyCount "58"]
[EventDate "2024.01.29"]
[EventRounds "9"]
[EventCountry "BRA"]

1. e4 c5 2. Nf3 Nc6 3. Bb5 e6 4. Bxc6 bxc6 5. d3 d5 6. e5 Ne7 7. O-O Ng6 8. b3 Be7
9. g3 f6 10. Bb2 O-O 11. Nh4 Nxh4 12. gxh4 fxe5 13. Kh1 Bxh4 14. f3 Rf5 15. Nd2 Qe8
16. Qe2 Qh5 17. Rg1 Bd7 18. d4 exd4 19. Qa6 Rf7 20. Qb7 Rc8 21. Qxa7 Bg5 22. Rad1
Bf4 23. Nf1 Qxf3+ 24. Rg2 Qxd1 25. Rg1 Qf3+ 26. Rg2 Qxf1+ 27. Rg1 Qh3 28. Rg2 Bxh2
29. Rxh2 Rf1#  0-1

[Event "Sampa Chess Open - Local Piso Superior (ao lado da Renner) às 19h00"]
[Site "Shopping Metrô Tatuapé - Rua Domingos Agostim, 91, São Paulo/SP 03306-010"]
[Date "2024.01.31"]
[Round "4"]
[Board "54"]
[White "Akamine, Isabelle Namie Nishimori"]
[Black "Santana, Expedito"]
[Result "1-0"]
[WhiteElo "1800"]
[BlackElo "1408"]
[PlyCount "73"]
[EventDate "2024.01.29"]
[EventRounds "9"]
[EventCountry "BRA"]

1. d4 d5 2. c4 c6 3. Nc3 Nf6 4. Bg5 Bf5 5. e3 Ne4 6. Nxe4 Bxe4 7. Nf3 Qa5+ 8. Nd2
e6 9. Qb3 Bb4 10. Rd1 Nd7 11. a3 dxc4 12. Qxb4 Qxb4 13. axb4 Bd3 14. Bxd3 cxd3 15.
Nf3 O-O 16. Rxd3 f6 17. Bf4 Rfe8 18. O-O Nb6 19. e4 Rad8 20. Rfd1 Rd7 21. Ra3 a6
22. Rad3 Red8 23. b3 g5 24. Be3 Kf7 25. d5 Nc8 26. dxe6+ Kxe6 27. Rxd7 Rxd7 28. Rxd7
Kxd7 29. Bd4 Ke6 30. h3 Nd6 31. e5 fxe5 32. Bxe5 Nf7 33. Bd4 h5 34. Be3 g4 35. hxg4
hxg4 36. Ng5+ Nxg5 37. Bxg5  1-0

[Event "Sampa Chess Open - Local Piso Superior (ao lado da Renner) às 19h00"]
[Site "Shopping Metrô Tatuapé - Rua Domingos Agostim, 91, São Paulo/SP 03306-010"]
[Date "2024.01.31"]
[Round "4"]
[Board "57"]
[White "Baena, Mauricio"]
[Black "Jorge, Denrick Cabral Jose"]
[Result "0-1"]
[WhiteElo "1180"]
[BlackElo "1874"]
[PlyCount "42"]
[EventDate "2024.01.29"]
[EventRounds "9"]
[EventCountry "BRA"]

1. b3 d5 2. e3 e5 3. Bb2 Bd6 4. Nf3 Qe7 5. c4 d4 6. exd4 exd4+ 7. Qe2 c5 8. Qxe7+
Nxe7 9. d3 Nbc6 10. Nbd2 Bf5 11. a3 O-O 12. Be2 Ng6 13. O-O Nf4 14. Rfe1 Bxd3 15.
Bf1 Bxf1 16. Rxf1 Rfe8 17. Rad1 a5 18. Ba1 a4 19. Rfe1 Rxe1+ 20. Rxe1 axb3 21. Nxb3
Kf8  0-1

[Event "Sampa Chess Open - Local Piso Superior (ao lado da Renner) às 19h00"]
[Site "Shopping Metrô Tatuapé - Rua Domingos Agostim, 91, São Paulo/SP 03306-010"]
[Date "2024.01.31"]
[Round "4"]
[Board "60"]
[White "Dos Santos, Rafaela Alves"]
[Black "Desideri, Enzo Piuchi"]
[Result "1-0"]
[WhiteElo "1800"]
[BlackElo "1730"]
[PlyCount "70"]
[EventDate "2024.01.29"]
[EventRounds "9"]
[EventCountry "BRA"]

1. e4 c5 2. Nf3 d6 3. c3 Nf6 4. Qc2 e6 5. d4 cxd4 6. cxd4 a6 7. Nc3 Be7 8. Bd3 b5
9. a3 Bb7 10. O-O Nbd7 11. b4 Rc8 12. Qb3 h6 13. d5 e5 14. h3 Qc7 15. Bd2 O-O 16.
Rac1 Qd8 17. Be3 Nxe4 18. Bxe4 f5 19. Bb1 e4 20. Nd4 Qe8 21. Ne6 Rf7 22. Ne2 Nf6
23. Rxc8 Qxc8 24. Rc1 Qa8 25. Nc7 Qb8 26. Nf4 Bd8 27. Nce6 g5 28. Nxd8 Qxd8 29. Ne6
Qb8 30. Rd1 Qa8 31. Ba2 f4 32. Bc1 Qc8 33. Qb2 Bxd5 34. Rxd5 Nxd5 35. Bxd5 Rf5  1-0